00314nam a2200121Ia 4500008004100000100001700041245006000058260000900118300001300127650001000140650002200150773002000172181130s2018 xx 000 0 und d aShah, Kamini aA study on women empowerment through financial literacy c2018 ap.16-24. aWomen aWomen empowerment aUniversity News